000 01292cam a22003617a 4500
003 CHAP
005 20220329141845.0
008 980311d1987 mx r 00110 spa d
010 _a74891
011 _a75863
035 _a85434
040 _cCHAP
090 _aTesis
100 0 0 _aAlvarez Requenez, Jose Luis.
_94969
245 1 0 _aEstudio del comportamiento de seis cultivares de cebolla (Allium cepa L.) en la región de Marín, N. L.
_c/por José Luis Alvarez Requenez
260 _aMarín, N. L. :
_bEl autor,
_c1987.
300 _a70 h. :
_bcuadros
502 _aTesis (Ing. Agr. Fitotecnista) -- Universidad Autónoma de Nuevo León. Facultad de Agronomía
590 _aALEPH
_b10
_c20130110
_lUCH01
_h1421
590 _aBATCH-UPD
_b10
_c20130110
_lUCH01
_h0023
590 _aBATCH-UPD
_b10
_c20130110
_lUCH01
_h1544
590 _aBATCH-UPD
_b10
_c20130410
_lUCH01
_h0945
590 _aBATCH-UPD
_b10
_c20130914
_lUCH01
_h0906
590 _aCONVERSION
_b10
_c20130109
_lUCH01
_h1341
650 1 4 _aCebolla
_xFechas de siembra.
_920770
650 1 4 _aCebolla
_xNuevo León.
_920791
650 1 4 _aCebolla
_xRendimiento.
_920801
650 1 4 _aCebolla
_xVariedades.
_920807
901 _aBK
905 _aLilia Sánchez G.
942 _cTESIS
949 _bBC
_cTES
_d854341
_eTS1
_h20770
_i85434
_sb
999 _c74891
_d74891